<?xml version="1.0" encoding="UTF-8"?>
<record
    xmlns:xsi="http://www.w3.org/2001/XMLSchema-instance"
    xsi:schemaLocation="http://www.loc.gov/MARC21/slim http://www.loc.gov/standards/marcxml/schema/MARC21slim.xsd"
    xmlns="http://www.loc.gov/MARC21/slim">

  <leader>02714nam a22003137a 4500</leader>
  <controlfield tag="008">251111b        |||||||| |||| 00| 0 eng d</controlfield>
  <datafield tag="020" ind1=" " ind2=" ">
    <subfield code="a">9782702166352</subfield>
  </datafield>
  <datafield tag="040" ind1=" " ind2=" ">
    <subfield code="c">tbs</subfield>
  </datafield>
  <datafield tag="041" ind1=" " ind2=" ">
    <subfield code="a">fre</subfield>
    <subfield code="h">eng</subfield>
  </datafield>
  <datafield tag="100" ind1=" " ind2=" ">
    <subfield code="a">Connelly, Michael</subfield>
    <subfield code="d">1956-</subfield>
    <subfield code="9">26466</subfield>
    <subfield code="e">author</subfield>
  </datafield>
  <datafield tag="240" ind1=" " ind2=" ">
    <subfield code="a">Desert star.</subfield>
    <subfield code="l">French.</subfield>
  </datafield>
  <datafield tag="245" ind1=" " ind2=" ">
    <subfield code="a">L'&#xE9;toile du d&#xE9;sert</subfield>
    <subfield code="c">/ Michael Connelly ; tranlsated by Robert P&#xE9;pin.</subfield>
  </datafield>
  <datafield tag="260" ind1=" " ind2=" ">
    <subfield code="a">Paris : </subfield>
    <subfield code="b">Calmann-L&#xE9;vy,</subfield>
    <subfield code="c">2023.</subfield>
  </datafield>
  <datafield tag="300" ind1=" " ind2=" ">
    <subfield code="a">389 pages ;</subfield>
    <subfield code="c">22 cm.</subfield>
  </datafield>
  <datafield tag="490" ind1=" " ind2=" ">
    <subfield code="a">Ren&#xE9;e Ballard and Harry Bosch ; </subfield>
    <subfield code="v">4</subfield>
  </datafield>
  <datafield tag="490" ind1=" " ind2=" ">
    <subfield code="a">Calmann-L&#xE9;vy noir</subfield>
  </datafield>
  <datafield tag="520" ind1=" " ind2=" ">
    <subfield code="a">Apr&#xE8;s avoir quitt&#xE9; le LAPD rong&#xE9; par la misogynie, le d&#xE9;faitisme et la bureaucratie, Ren&#xE9;e Ballard revient prendre la direction de l'unit&#xE9; des Affaires non r&#xE9;solues r&#xE9;cemment reform&#xE9;e. Elle y recrute des stars de la police et demande &#xE0; Harry Bosch, maintenant &#xE0; la retraite, de l'aider &#xE0; r&#xE9;soudre l'affaire de deux jeunes femmes tu&#xE9;es de la m&#xEA;me fa&#xE7;on &#xE0; dix ans d'intervalle. Bosch ne saurait refuser: avec toutes les ressources du LAPD, peut-&#xEA;tre pourra-t-il en profiter pour arr&#xEA;ter le psychopathe qui a abattu toute une famille dans le d&#xE9;sert de Mojave et n'a jamais &#xE9;t&#xE9; retrouv&#xE9;. S'il respecte Ballard, Bosch supporte mal son autorit&#xE9; et cela risque de nuire &#xE0; leur travail. Et les tueurs, eux, n'entendent pas se laisser prendre apr&#xE8;s toutes ces ann&#xE9;es d'impunit&#xE9;. D'autant que pour Ballard, et surtout pour Bosch, le temps presse ...</subfield>
  </datafield>
  <datafield tag="520" ind1=" " ind2=" ">
    <subfield code="a">After leaving the LAPD, worn down by misogyny, defeatism, and bureaucracy, Ren&#xE9;e Ballard returns to take command of the recently reformed Cold Case Unit. She recruits some of the department&#x2019;s top talent and asks retired detective Harry Bosch to help her solve a case involving two young women murdered in the same way, ten years apart.

Bosch can&#x2019;t refuse: with full access to LAPD resources, he just might be able to track down the psychopath who slaughtered an entire family in the Mojave Desert and was never caught.

Though Bosch respects Ballard, he struggles with her authority&#x2014;a tension that could jeopardize their work. And the killers, after years of impunity, have no intention of being caught now. For Ballard&#x2014;and especially for Bosch&#x2014;time is running out&#x2026;</subfield>
  </datafield>
  <datafield tag="650" ind1=" " ind2="0">
    <subfield code="a">Ballard, Ren&#xE9;e (Fictitious character)</subfield>
    <subfield code="v">Fiction</subfield>
    <subfield code="9">26467</subfield>
  </datafield>
  <datafield tag="650" ind1=" " ind2="0">
    <subfield code="a">Bosch, Harry</subfield>
    <subfield code="v">Fiction</subfield>
    <subfield code="9">26468</subfield>
  </datafield>
  <datafield tag="650" ind1=" " ind2="0">
    <subfield code="a">Cold cases (Criminal investigation)</subfield>
    <subfield code="v">Fiction</subfield>
    <subfield code="9">26343</subfield>
  </datafield>
  <datafield tag="650" ind1=" " ind2="0">
    <subfield code="a">Women detectives</subfield>
    <subfield code="v">Fiction</subfield>
    <subfield code="9">26469</subfield>
  </datafield>
  <datafield tag="650" ind1=" " ind2="0">
    <subfield code="a">Murder</subfield>
    <subfield code="x">Investigation</subfield>
    <subfield code="v">Fiction</subfield>
    <subfield code="9">7769</subfield>
  </datafield>
  <datafield tag="650" ind1=" " ind2="0">
    <subfield code="a">Police</subfield>
    <subfield code="v">Fiction</subfield>
    <subfield code="9">26470</subfield>
  </datafield>
  <datafield tag="651" ind1=" " ind2="0">
    <subfield code="a">Los Angeles (California)</subfield>
    <subfield code="v">Fiction</subfield>
    <subfield code="9">24013</subfield>
  </datafield>
  <datafield tag="655" ind1=" " ind2="0">
    <subfield code="a">Thrillers (Fiction)</subfield>
    <subfield code="9">22669</subfield>
  </datafield>
  <datafield tag="700" ind1=" " ind2=" ">
    <subfield code="a">P&#xE9;pin, Robert</subfield>
    <subfield code="9">26471</subfield>
    <subfield code="e">translator</subfield>
  </datafield>
  <datafield tag="942" ind1=" " ind2=" ">
    <subfield code="2">lcc</subfield>
  </datafield>
  <datafield tag="952" ind1=" " ind2=" ">
    <subfield code="0">0</subfield>
    <subfield code="1">0</subfield>
    <subfield code="2">lcc</subfield>
    <subfield code="4">0</subfield>
    <subfield code="7">0</subfield>
    <subfield code="a">TBS</subfield>
    <subfield code="b">TBS</subfield>
    <subfield code="d">2025-11-11</subfield>
    <subfield code="l">0</subfield>
    <subfield code="o">P-FR CON</subfield>
    <subfield code="p">B06056</subfield>
    <subfield code="r">2025-11-11</subfield>
    <subfield code="t">1</subfield>
    <subfield code="w">2025-11-11</subfield>
    <subfield code="y">1</subfield>
  </datafield>
  <datafield tag="999" ind1=" " ind2=" ">
    <subfield code="c">5168</subfield>
    <subfield code="d">5168</subfield>
  </datafield>
</record>
